[Event "DEM U12w 2022"]
[Site "Willingen GER"]
[Date "2022.06.07"]
[Round "4"]
[White "Czäczine, Paula"]
[Black "Bauer, Laura Sophie"]
[Result "1/2-1/2"]
[Termination "normal"]
[Board "3"]
[WhiteElo "1218"]
[BlackElo "1428"]
[WhiteClock "00:10:10"]
[BlackClock "00:08:59"]
[PlyCount "101"]
[WhiteFideId "16249305"]
[BlackFideId "16253647"]
[EventCountry "GER"]
[EventRounds "9"]
[EventType "swiss"]
[EventDate "2022.06.04"]

1. e4 {[%clk 01:30:57]} {[%emt 00:00:03]} e5 {[%clk 01:30:56]} {[%emt
00:00:05]} 2. Nf3 {[%clk 01:31:21]} {[%emt 00:00:06]} Nc6 {[%clk 01:31:21]}
{[%emt 00:00:05]} 3. d4 {[%clk 01:31:44]} {[%emt 00:00:07]} exd4 {[%clk
01:31:45]} {[%emt 00:00:06]} 4. Nxd4 {[%clk 01:32:07]} {[%emt 00:00:07]} Bc5
{[%clk 01:32:09]} {[%emt 00:00:06]} 5. Be3 {[%clk 01:32:29]} {[%emt 00:00:07]}
Qf6 {[%clk 01:32:34]} {[%emt 00:00:06]} 6. c3 {[%clk 01:32:49]} {[%emt
00:00:10]} Nge7 {[%clk 01:32:58]} {[%emt 00:00:06]} 7. Bc4 {[%clk 01:33:10]}
{[%emt 00:00:10]} d6 {[%clk 01:33:22]} {[%emt 00:00:06]} 8. O-O {[%clk
01:32:50]} {[%emt 00:00:50]} Ne5 {[%clk 01:33:44]} {[%emt 00:00:08]} 9. Be2
{[%clk 01:32:58]} {[%emt 00:00:21]} Qg6 {[%clk 01:33:59]} {[%emt 00:00:15]} 10.
f3 {[%clk 01:31:33]} {[%emt 00:01:55]} O-O {[%clk 01:33:56]} {[%emt 00:00:33]}
11. Kh1 {[%clk 01:28:40]} {[%emt 00:03:23]} Bb6 {[%clk 01:32:29]} {[%emt
00:01:57]} 12. Nd2 {[%clk 01:26:51]} {[%emt 00:02:19]} Re8 {[%clk 01:30:56]}
{[%emt 00:02:03]} 13. Nc4 {[%clk 01:22:20]} {[%emt 00:05:01]} Nxc4 {[%clk
01:24:27]} {[%emt 00:06:58]} 14. Bxc4 {[%clk 01:22:42]} {[%emt 00:00:08]} Nc6
{[%clk 01:22:04]} {[%emt 00:02:54]} 15. Qd2 {[%clk 01:20:15]} {[%emt 00:02:56]}
Ne5 {[%clk 01:19:11]} {[%emt 00:03:24]} 16. Be2 {[%clk 01:19:18]} {[%emt
00:01:27]} Bd7 {[%clk 01:06:35]} {[%emt 00:13:06]} 17. a4 {[%clk 01:11:36]}
{[%emt 00:08:11]} a6 {[%clk 00:59:55]} {[%emt 00:07:11]} 18. a5 {[%clk
01:07:59]} {[%emt 00:04:08]} Ba7 {[%clk 00:59:51]} {[%emt 00:00:33]} 19. Rae1
{[%clk 01:07:00]} {[%emt 00:01:29]} Nc6 {[%clk 00:51:43]} {[%emt 00:08:39]} 20.
Nxc6 {[%clk 01:01:08]} {[%emt 00:06:21]} Bxe3 {[%clk 00:52:04]} {[%emt
00:00:09]} 21. Qxe3 {[%clk 01:01:28]} {[%emt 00:00:10]} Bxc6 {[%clk 00:52:23]}
{[%emt 00:00:11]} 22. Qf4 {[%clk 00:58:04]} {[%emt 00:03:54]} Re6 {[%clk
00:47:31]} {[%emt 00:05:22]} 23. Qg3 {[%clk 00:50:53]} {[%emt 00:07:40]} Qxg3
{[%clk 00:46:27]} {[%emt 00:01:35]} 24. hxg3 {[%clk 00:51:15]} {[%emt
00:00:08]} Rae8 {[%clk 00:44:56]} {[%emt 00:02:01]} 25. Rf2 {[%clk 00:44:34]}
{[%emt 00:07:11]} d5 {[%clk 00:40:12]} {[%emt 00:05:14]} 26. Bd3 {[%clk
00:36:53]} {[%emt 00:08:11]} dxe4 {[%clk 00:37:31]} {[%emt 00:03:11]} 27. fxe4
{[%clk 00:36:45]} {[%emt 00:00:38]} Bxe4 {[%clk 00:36:41]} {[%emt 00:01:20]}
28. Bc4 {[%clk 00:34:00]} {[%emt 00:03:16]} Bd5 {[%clk 00:36:11]} {[%emt
00:01:00]} 29. Rxe6 {[%clk 00:31:42]} {[%emt 00:02:47]} Bxe6 {[%clk 00:36:30]}
{[%emt 00:00:11]} 30. Re2 {[%clk 00:30:56]} {[%emt 00:01:17]} Bd7 {[%clk
00:34:13]} {[%emt 00:02:46]} 31. Rxe8+ {[%clk 00:30:03]} {[%emt 00:01:23]} Bxe8
{[%clk 00:34:06]} {[%emt 00:00:37]} 32. Kg1 {[%clk 00:29:18]} {[%emt 00:01:15]}
Kf8 {[%clk 00:34:25]} {[%emt 00:00:11]} 33. Kf2 {[%clk 00:29:05]} {[%emt
00:00:43]} Ke7 {[%clk 00:34:38]} {[%emt 00:00:17]} 34. Ke3 {[%clk 00:28:39]}
{[%emt 00:00:56]} Kf6 {[%clk 00:33:26]} {[%emt 00:01:42]} 35. Bd5 {[%clk
00:27:15]} {[%emt 00:01:54]} c6 {[%clk 00:32:28]} {[%emt 00:01:29]} 36. Bf3
{[%clk 00:27:16]} {[%emt 00:00:28]} Ke5 {[%clk 00:32:35]} {[%emt 00:00:22]} 37.
g4 {[%clk 00:25:25]} {[%emt 00:02:21]} Bd7 {[%clk 00:32:16]} {[%emt 00:00:50]}
38. g3 {[%clk 00:23:32]} {[%emt 00:02:23]} h6 {[%clk 00:31:25]} {[%emt
00:01:22]} 39. Kd3 {[%clk 00:21:47]} {[%emt 00:02:14]} Be6 {[%clk 00:31:40]}
{[%emt 00:00:15]} 40. b4 {[%clk 00:19:42]} {[%emt 00:02:35]} Bd5 {[%clk
00:27:16]} {[%emt 00:04:53]} 41. Bd1 {[%clk 00:19:14]} {[%emt 00:00:58]} g5
{[%clk 00:26:41]} {[%emt 00:01:06]} 42. Ke3 {[%clk 00:17:12]} {[%emt 00:02:32]}
Be4 {[%clk 00:25:47]} {[%emt 00:01:22]} 43. Be2 {[%clk 00:16:18]} {[%emt
00:01:26]} Kd5 {[%clk 00:23:11]} {[%emt 00:03:05]} 44. Bf1 {[%clk 00:15:16]}
{[%emt 00:01:33]} Bg6 {[%clk 00:20:37]} {[%emt 00:03:03]} 45. Be2 {[%clk
00:13:58]} {[%emt 00:01:49]} Bb1 {[%clk 00:18:36]} {[%emt 00:02:31]} 46. c4+
{[%clk 00:12:41]} {[%emt 00:01:47]} Ke5 {[%clk 00:18:53]} {[%emt 00:00:13]} 47.
Bf3 {[%clk 00:11:50]} {[%emt 00:01:21]} f5 {[%clk 00:17:54]} {[%emt 00:01:30]}
48. gxf5 {[%clk 00:11:25]} {[%emt 00:00:56]} Bxf5 {[%clk 00:17:50]} {[%emt
00:00:33]} 49. g4 {[%clk 00:11:23]} {[%emt 00:00:33]} Be6 {[%clk 00:17:55]}
{[%emt 00:00:23]} 50. Be2 {[%clk 00:11:07]} {[%emt 00:00:46]} Bf7 {[%clk
00:08:59]} {[%emt 00:09:26]} 51. Bf1 {[%clk 00:10:10]} {[%emt 00:01:27]}
1/2-1/2

[Event "DEM U12w 2022"]
[Site "Willingen GER"]
[Date "2022.06.07"]
[Round "4"]
[White "Burlutskaia, Maria"]
[Black "Mehner, Clara"]
[Result "1-0"]
[Termination "normal"]
[Board "4"]
[WhiteElo "1408"]
[BlackElo "1056"]
[WhiteClock "00:54:28"]
[BlackClock "00:18:50"]
[PlyCount "51"]
[WhiteFideId "34607137"]
[BlackFideId "34612165"]
[EventCountry "GER"]
[EventRounds "9"]
[EventType "swiss"]
[EventDate "2022.06.04"]

1. e4 {[%clk 01:30:59]} e6 {[%clk 01:30:55]} {[%emt 00:00:05]} 2. d4 {[%clk
01:31:23]} {[%emt 00:00:06]} d5 {[%clk 01:31:19]} {[%emt 00:00:06]} 3. Nc3
{[%clk 01:31:49]} {[%emt 00:00:03]} Bb4 {[%clk 01:31:40]} {[%emt 00:00:09]} 4.
Bd2 {[%clk 01:32:15]} {[%emt 00:00:05]} dxe4 {[%clk 01:31:19]} {[%emt
00:00:51]} 5. Qg4 {[%clk 01:32:38]} {[%emt 00:00:06]} Nf6 {[%clk 01:30:52]}
{[%emt 00:00:58]} 6. Qxg7 {[%clk 01:33:01]} {[%emt 00:00:07]} Rg8 {[%clk
01:30:53]} {[%emt 00:00:29]} 7. Qh6 {[%clk 01:33:22]} {[%emt 00:00:09]} Qxd4
{[%clk 01:30:19]} {[%emt 00:01:04]} 8. O-O-O {[%clk 01:27:24]} {[%emt
00:06:27]} Qxf2 {[%clk 01:23:15]} {[%emt 00:07:35]} 9. Nh3 {[%clk 01:19:39]}
{[%emt 00:08:15]} Qf5 {[%clk 01:20:32]} {[%emt 00:03:13]} 10. Bb5+ {[%clk
01:17:41]} {[%emt 00:02:29]} Bd7 {[%clk 01:16:27]} {[%emt 00:04:33]} 11. Rhf1
{[%clk 01:16:09]} {[%emt 00:02:03]} Rg6 {[%clk 01:12:15]} {[%emt 00:04:42]} 12.
Qh4 {[%clk 01:08:31]} {[%emt 00:08:08]} Qh5 {[%clk 01:05:19]} {[%emt 00:07:26]}
13. Qf2 {[%clk 01:02:37]} {[%emt 00:06:24]} Bxb5 {[%clk 01:00:50]} {[%emt
00:04:59]} 14. Nf4 {[%clk 01:00:14]} {[%emt 00:02:53]} Ng4 {[%clk 00:48:04]}
{[%emt 00:13:15]} 15. Qd4 {[%clk 00:57:16]} {[%emt 00:03:30]} Bxc3 {[%clk
00:40:44]} {[%emt 00:07:50]} 16. Bxc3 {[%clk 00:56:11]} {[%emt 00:01:34]} Qg5
{[%clk 00:39:53]} {[%emt 00:01:20]} 17. h4 {[%clk 00:54:17]} {[%emt 00:02:25]}
Qe7 {[%clk 00:22:21]} {[%emt 00:18:01]} 18. Nxg6 {[%clk 00:53:39]} {[%emt
00:01:08]} hxg6 {[%clk 00:22:36]} {[%emt 00:00:16]} 19. Qh8+ {[%clk 00:54:02]}
{[%emt 00:00:07]} Qf8 {[%clk 00:22:35]} {[%emt 00:00:30]} 20. Rd8+ {[%clk
00:54:18]} {[%emt 00:00:14]} Kxd8 {[%clk 00:22:52]} {[%emt 00:00:14]} 21. Qxf8+
{[%clk 00:54:43]} {[%emt 00:00:05]} Kd7 {[%clk 00:22:15]} {[%emt 00:01:07]} 22.
Rxf7+ {[%clk 00:54:48]} {[%emt 00:00:25]} Kc6 {[%clk 00:22:31]} {[%emt
00:00:14]} 23. Qe8+ {[%clk 00:54:59]} {[%emt 00:00:19]} Kb6 {[%clk 00:22:15]}
{[%emt 00:00:46]} 24. Qc8 {[%clk 00:54:37]} {[%emt 00:00:51]} a6 {[%clk
00:18:30]} {[%emt 00:04:15]} 25. Qxc7+ {[%clk 00:54:28]} {[%emt 00:00:39]} Ka7
{[%clk 00:18:50]} {[%emt 00:00:11]} 26. Qxb7# {[%emt 00:00:52]} 1-0

[Event "DEM U12w 2022"]
[Site "Willingen GER"]
[Date "2022.06.07"]
[Round "4"]
[White "Hoffmann, Svenja"]
[Black "Kutz, Ida Klara"]
[Result "0-1"]
[Termination "normal"]
[Board "5"]
[WhiteElo "1284"]
[BlackElo "1327"]
[WhiteClock "00:56:37"]
[BlackClock "00:41:57"]
[PlyCount "106"]
[WhiteFideId "16287312"]
[BlackFideId "16296257"]
[EventCountry "GER"]
[EventRounds "9"]
[EventType "swiss"]
[EventDate "2022.06.04"]

1. e4 {[%clk 01:30:58]} {[%emt 00:00:02]} c5 {[%clk 01:30:35]} {[%emt
00:00:25]} 2. Nf3 {[%clk 01:30:37]} {[%emt 00:00:51]} d6 {[%clk 01:30:36]}
{[%emt 00:00:28]} 3. d4 {[%clk 01:29:57]} {[%emt 00:01:11]} cxd4 {[%clk
01:30:56]} {[%emt 00:00:10]} 4. Nxd4 {[%clk 01:29:26]} {[%emt 00:01:01]} Nf6
{[%clk 01:30:30]} {[%emt 00:00:54]} 5. Nc3 {[%clk 01:28:37]} {[%emt 00:01:21]}
a6 {[%clk 01:29:42]} {[%emt 00:01:18]} 6. Be3 {[%clk 01:25:02]} {[%emt
00:04:05]} e6 {[%clk 01:25:01]} {[%emt 00:05:11]} 7. g4 {[%clk 01:22:22]}
{[%emt 00:03:10]} Be7 {[%clk 01:23:15]} {[%emt 00:02:16]} 8. Qe2 {[%clk
01:19:50]} {[%emt 00:03:01]} Qc7 {[%clk 01:19:55]} {[%emt 00:03:51]} 9. O-O-O
{[%clk 01:18:14]} {[%emt 00:02:06]} Nc6 {[%clk 01:15:58]} {[%emt 00:04:28]} 10.
f4 {[%clk 01:16:25]} {[%emt 00:02:18]} b5 {[%clk 01:13:18]} {[%emt 00:03:11]}
11. Bg2 {[%clk 01:12:08]} {[%emt 00:04:46]} Bb7 {[%clk 01:10:01]} {[%emt
00:03:47]} 12. g5 {[%clk 01:09:01]} {[%emt 00:03:37]} Nd7 {[%clk 01:09:24]}
{[%emt 00:01:08]} 13. f5 {[%clk 01:08:24]} {[%emt 00:01:06]} Nxd4 {[%clk
01:07:13]} {[%emt 00:02:41]} 14. Rxd4 {[%clk 01:08:05]} {[%emt 00:00:49]} e5
{[%clk 01:03:39]} {[%emt 00:04:05]} 15. Rd2 {[%clk 01:06:06]} {[%emt 00:02:27]}
Qc4 {[%clk 00:59:49]} {[%emt 00:04:21]} 16. Qxc4 {[%clk 01:03:35]} {[%emt
00:03:01]} bxc4 {[%clk 00:59:55]} {[%emt 00:00:24]} 17. Nd5 {[%clk 01:01:35]}
{[%emt 00:02:30]} Bxd5 {[%clk 00:57:56]} {[%emt 00:02:30]} 18. Rxd5 {[%clk
01:01:53]} {[%emt 00:00:11]} h6 {[%clk 00:54:53]} {[%emt 00:03:33]} 19. h4
{[%clk 01:00:58]} {[%emt 00:01:25]} hxg5 {[%clk 00:54:15]} {[%emt 00:01:08]}
20. hxg5 {[%clk 01:00:58]} {[%emt 00:00:30]} Rxh1+ {[%clk 00:53:55]} {[%emt
00:00:49]} 21. Bxh1 {[%clk 01:01:21]} {[%emt 00:00:07]} O-O-O {[%clk 00:52:19]}
{[%emt 00:02:07]} 22. Ra5 {[%clk 00:59:09]} {[%emt 00:02:41]} Rh8 {[%clk
00:49:02]} {[%emt 00:03:48]} 23. Bg2 {[%clk 00:54:14]} {[%emt 00:05:25]} Rh2
{[%clk 00:47:24]} {[%emt 00:02:07]} 24. Rxa6 {[%clk 00:54:08]} {[%emt
00:00:37]} Rxg2 {[%clk 00:46:48]} {[%emt 00:01:06]} 25. Rc6+ {[%clk 00:54:07]}
{[%emt 00:00:31]} Kd8 {[%clk 00:46:37]} {[%emt 00:00:40]} 26. Rxc4 {[%emt
00:05:39]} Bxg5 {[%clk 00:46:10]} {[%emt 00:00:55]} 27. Bxg5+ {[%clk 00:49:18]}
{[%emt 00:00:13]} Rxg5 {[%clk 00:45:59]} {[%emt 00:00:41]} 28. a4 {[%clk
00:49:27]} {[%emt 00:00:21]} Nc5 {[%clk 00:45:24]} {[%emt 00:01:04]} 29. a5
{[%clk 00:49:37]} {[%emt 00:00:22]} Rg4 {[%clk 00:44:58]} {[%emt 00:00:55]} 30.
b4 {[%clk 00:49:51]} {[%emt 00:00:16]} Rxe4 {[%clk 00:44:24]} {[%emt 00:01:05]}
31. Rxe4 {[%clk 00:50:09]} {[%emt 00:00:12]} Nxe4 {[%clk 00:44:42]} {[%emt
00:00:11]} 32. a6 {[%clk 00:50:35]} {[%emt 00:00:04]} Kc7 {[%clk 00:44:55]}
{[%emt 00:00:17]} 33. b5 {[%clk 00:50:36]} {[%emt 00:00:29]} Nc3 {[%clk
00:44:54]} {[%emt 00:00:31]} 34. a7 {[%clk 00:50:35]} {[%emt 00:00:31]} Kb7
{[%clk 00:45:11]} {[%emt 00:00:13]} 35. b6 {[%clk 00:50:43]} {[%emt 00:00:23]}
Na4 {[%clk 00:45:20]} {[%emt 00:00:17]} 36. Kd2 {[%clk 00:51:05]} {[%emt
00:00:11]} Nxb6 {[%clk 00:45:35]} {[%emt 00:00:16]} 37. Ke3 {[%clk 00:51:26]}
{[%emt 00:00:08]} Kxa7 {[%clk 00:44:58]} {[%emt 00:01:07]} 38. Ke4 {[%clk
00:51:46]} {[%emt 00:00:09]} Kb7 {[%clk 00:44:40]} {[%emt 00:00:49]} 39. c3
{[%clk 00:52:01]} {[%emt 00:00:15]} Kc6 {[%clk 00:44:08]} {[%emt 00:01:02]} 40.
Kd3 {[%clk 00:52:22]} {[%emt 00:00:09]} Kd5 {[%clk 00:43:00]} {[%emt 00:01:39]}
41. Ke3 {[%clk 00:52:39]} {[%emt 00:00:12]} Nc4+ {[%clk 00:42:41]} {[%emt
00:00:48]} 42. Kd3 {[%clk 00:52:59]} {[%emt 00:00:11]} e4+ {[%clk 00:42:30]}
{[%emt 00:00:39]} 43. Ke2 {[%clk 00:53:23]} {[%emt 00:00:07]} Ke5 {[%clk
00:42:36]} {[%emt 00:00:25]} 44. f6 {[%clk 00:53:40]} {[%emt 00:00:14]} g5
{[%clk 00:42:27]} {[%emt 00:00:38]} 45. Kf2 {[%clk 00:54:05]} {[%emt 00:00:05]}
Kf4 {[%clk 00:42:41]} {[%emt 00:00:16]} 46. Ke2 {[%clk 00:54:27]} {[%emt
00:00:08]} g4 {[%clk 00:42:54]} {[%emt 00:00:17]} 47. Kf2 {[%clk 00:54:53]}
{[%emt 00:00:05]} g3+ {[%clk 00:42:27]} {[%emt 00:00:56]} 48. Kg2 {[%clk
00:55:18]} {[%emt 00:00:05]} e3 {[%clk 00:42:44]} {[%emt 00:00:13]} 49. Kf1
{[%clk 00:55:41]} {[%emt 00:00:07]} Nd2+ {[%clk 00:42:45]} {[%emt 00:00:29]}
50. Ke1 {[%clk 00:55:51]} {[%emt 00:00:19]} g2 {[%clk 00:42:50]} {[%emt
00:00:24]} 51. Ke2 {[%clk 00:56:16]} {[%emt 00:00:06]} g1=Q {[%emt 00:00:41]}
52. Kd3 {[%emt 00:00:06]} Qb1+ {[%clk 00:41:45]} {[%emt 00:00:46]} 53. Kd4
{[%clk 00:56:37]} {[%emt 00:00:12]} Qe4# {[%clk 00:41:57]} {[%emt 00:00:18]}
0-1

[Event "DEM U12w 2022"]
[Site "Willingen GER"]
[Date "2022.06.07"]
[Round "4"]
[White "Schwarzfischer, Julia"]
[Black "Bakó, Isabella"]
[Result "0-1"]
[Termination "normal"]
[Board "6"]
[WhiteElo "1368"]
[BlackElo "1247"]
[WhiteClock "01:10:12"]
[BlackClock "00:37:10"]
[PlyCount "76"]
[WhiteFideId "16268105"]
[BlackFideId "16287266"]
[EventCountry "GER"]
[EventRounds "9"]
[EventType "swiss"]
[EventDate "2022.06.04"]

1. e4 {[%clk 01:30:59]} c5 {[%clk 01:30:51]} {[%emt 00:00:10]} 2. g3 {[%clk
01:31:21]} {[%emt 00:00:08]} g6 {[%clk 01:29:57]} {[%emt 00:01:23]} 3. Bg2
{[%clk 01:31:41]} {[%emt 00:00:11]} Bg7 {[%clk 01:30:18]} {[%emt 00:00:07]} 4.
d3 {[%clk 01:31:27]} {[%emt 00:00:46]} Nc6 {[%clk 01:29:57]} {[%emt 00:00:51]}
5. f4 {[%clk 01:31:35]} {[%emt 00:00:21]} d6 {[%clk 01:27:24]} {[%emt
00:03:04]} 6. Nf3 {[%clk 01:31:50]} {[%emt 00:00:15]} Qb6 {[%clk 01:22:06]}
{[%emt 00:05:48]} 7. Nc3 {[%clk 01:29:56]} {[%emt 00:02:24]} Nf6 {[%clk
01:16:29]} {[%emt 00:06:06]} 8. Qe2 {[%clk 01:28:05]} {[%emt 00:02:21]} Nd7
{[%clk 01:13:52]} {[%emt 00:03:07]} 9. Nd5 {[%clk 01:27:52]} {[%emt 00:00:44]}
Qa5+ {[%clk 01:10:45]} {[%emt 00:03:34]} 10. Bd2 {[%clk 01:27:56]} {[%emt
00:00:28]} Qd8 {[%clk 01:11:05]} {[%emt 00:00:10]} 11. c3 {[%clk 01:27:40]}
{[%emt 00:00:46]} Nf6 {[%clk 01:09:29]} {[%emt 00:02:04]} 12. a3 {[%clk
01:25:52]} {[%emt 00:02:20]} a5 {[%clk 01:09:00]} {[%emt 00:00:59]} 13. a4
{[%clk 01:23:31]} {[%emt 00:02:51]} Be6 {[%clk 01:07:48]} {[%emt 00:01:40]} 14.
Ng5 {[%clk 01:22:02]} {[%emt 00:02:01]} Bd7 {[%clk 01:01:00]} {[%emt 00:07:18]}
15. Rf1 {[%clk 01:19:59]} {[%emt 00:02:32]} h6 {[%clk 01:00:02]} {[%emt
00:01:29]} 16. Nf3 {[%clk 01:19:06]} {[%emt 00:01:24]} Be6 {[%clk 00:59:50]}
{[%emt 00:00:41]} 17. c4 {[%clk 01:18:11]} {[%emt 00:01:25]} Nb4 {[%clk
00:59:28]} {[%emt 00:00:52]} 18. Nxb4 {[%clk 01:18:07]} {[%emt 00:00:34]} axb4
{[%clk 00:59:38]} {[%emt 00:00:21]} 19. e5 {[%clk 01:16:48]} {[%emt 00:01:48]}
dxe5 {[%clk 00:58:15]} {[%emt 00:01:53]} 20. Nxe5 {[%clk 01:16:37]} {[%emt
00:00:42]} Bf5 {[%clk 00:56:37]} {[%emt 00:02:07]} 21. Bxb7 {[%clk 01:16:41]}
{[%emt 00:00:26]} Ra7 {[%clk 00:54:27]} {[%emt 00:02:40]} 22. Nc6 {[%clk
01:16:02]} {[%emt 00:01:10]} Qd7 {[%clk 00:54:34]} {[%emt 00:00:15]} 23. Nxa7
{[%clk 01:15:48]} {[%emt 00:00:52]} Qxb7 {[%clk 00:52:12]} {[%emt 00:02:51]}
24. Nb5 {[%clk 01:16:05]} {[%emt 00:00:13]} Qd7 {[%clk 00:51:51]} {[%emt
00:00:50]} 25. Qe5 {[%clk 01:14:40]} {[%emt 00:01:54]} O-O {[%clk 00:51:29]}
{[%emt 00:00:53]} 26. Qxc5 {[%clk 01:13:08]} {[%emt 00:02:03]} Qxd3 {[%clk
00:51:01]} {[%emt 00:00:56]} 27. Qxe7 {[%clk 01:12:44]} {[%emt 00:00:56]} Re8
{[%clk 00:50:52]} {[%emt 00:00:39]} 28. Qxe8+ {[%clk 01:12:45]} {[%emt
00:00:28]} Nxe8 {[%clk 00:51:03]} {[%emt 00:00:19]} 29. a5 {[%clk 01:12:09]}
{[%emt 00:01:07]} Qxc4 {[%clk 00:50:24]} {[%emt 00:01:07]} 30. a6 {[%clk
01:11:56]} {[%emt 00:00:45]} Qxb5 {[%clk 00:48:45]} {[%emt 00:02:09]} 31. a7
{[%clk 01:12:17]} {[%emt 00:00:10]} Nc7 {[%clk 00:48:58]} {[%emt 00:00:15]} 32.
Rc1 {[%clk 01:11:56]} {[%emt 00:00:53]} Qe8+ {[%clk 00:47:55]} {[%emt
00:01:31]} 33. Kd1 {[%clk 01:10:23]} {[%emt 00:02:03]} Bg4+ {[%clk 00:46:27]}
{[%emt 00:01:58]} 34. Kc2 {[%clk 01:10:39]} {[%emt 00:00:15]} Qa4+ {[%clk
00:42:03]} {[%emt 00:04:52]} 35. Kd3 {[%clk 01:10:33]} {[%emt 00:00:38]} Qa6+
{[%clk 00:41:19]} {[%emt 00:01:12]} 36. Kc2 {[%clk 01:10:27]} {[%emt 00:00:38]}
Qc4+ {[%clk 00:36:46]} {[%emt 00:05:01]} 37. Kb1 {[%clk 01:10:34]} {[%emt
00:00:25]} Bf5+ {[%clk 00:36:58]} {[%emt 00:00:18]} 38. Ka1 {[%clk 01:10:12]}
{[%emt 00:00:52]} Qa6# {[%clk 00:37:10]} {[%emt 00:00:16]} 0-1

[Event "DEM U12w 2022"]
[Site "Willingen GER"]
[Date "2022.06.07"]
[Round "4"]
[White "Halas, Neele Zoe"]
[Black "Will, Elina"]
[Result "1-0"]
[Termination "normal"]
[Board "8"]
[WhiteElo "1415"]
[BlackElo "1333"]
[WhiteClock "00:04:11"]
[BlackClock "01:09:23"]
[PlyCount "86"]
[WhiteFideId "16287282"]
[BlackFideId "34623434"]
[EventCountry "GER"]
[EventRounds "9"]
[EventType "swiss"]
[EventDate "2022.06.04"]

1. e4 {[%clk 01:30:58]} {[%emt 00:00:02]} d5 {[%clk 01:30:52]} {[%emt
00:00:07]} 2. exd5 {[%clk 01:31:25]} {[%emt 00:00:05]} Qxd5 {[%clk 01:28:27]}
{[%emt 00:02:54]} 3. Nc3 {[%clk 01:31:45]} {[%emt 00:00:10]} Qd6 {[%clk
01:28:43]} {[%emt 00:00:14]} 4. d4 {[%clk 01:31:10]} {[%emt 00:01:05]} e5
{[%clk 01:28:48]} {[%emt 00:00:24]} 5. dxe5 {[%clk 01:30:53]} {[%emt 00:00:48]}
Qxe5+ {[%clk 01:28:58]} {[%emt 00:00:19]} 6. Qe2 {[%clk 01:30:56]} {[%emt
00:00:27]} Bd6 {[%clk 01:28:40]} {[%emt 00:00:48]} 7. Nf3 {[%clk 01:30:13]}
{[%emt 00:01:14]} Qxe2+ {[%clk 01:28:07]} {[%emt 00:01:03]} 8. Bxe2 {[%clk
01:30:12]} {[%emt 00:00:31]} Nc6 {[%clk 01:28:08]} {[%emt 00:00:29]} 9. Nb5
{[%clk 01:28:21]} {[%emt 00:02:22]} Nf6 {[%clk 01:28:03]} {[%emt 00:00:33]} 10.
Nxd6+ {[%clk 01:28:10]} {[%emt 00:00:42]} cxd6 {[%clk 01:28:02]} {[%emt
00:00:31]} 11. Bf4 {[%clk 01:18:53]} {[%emt 00:09:44]} d5 {[%clk 01:28:07]}
{[%emt 00:00:28]} 12. O-O-O {[%clk 01:17:41]} {[%emt 00:01:42]} O-O {[%clk
01:28:09]} {[%emt 00:00:27]} 13. Nd4 {[%clk 01:11:44]} {[%emt 00:06:27]} a6
{[%clk 01:24:08]} {[%emt 00:04:32]} 14. Bf3 {[%clk 00:54:02]} {[%emt 00:18:11]}
Be6 {[%clk 01:21:28]} {[%emt 00:03:10]} 15. Rhe1 {[%clk 00:52:02]} {[%emt
00:02:31]} Rfe8 {[%clk 01:18:44]} {[%emt 00:03:13]} 16. h3 {[%clk 00:47:10]}
{[%emt 00:05:22]} Bd7 {[%clk 01:16:12]} {[%emt 00:03:01]} 17. Rxe8+ {[%clk
00:44:43]} {[%emt 00:02:59]} Rxe8 {[%clk 01:16:35]} {[%emt 00:00:07]} 18. Nb3
{[%clk 00:40:45]} {[%emt 00:04:28]} Ne7 {[%clk 01:09:43]} {[%emt 00:07:21]} 19.
Bg5 {[%clk 00:30:51]} {[%emt 00:10:25]} Bc6 {[%clk 01:09:12]} {[%emt 00:01:02]}
20. Bxf6 {[%clk 00:29:57]} {[%emt 00:01:23]} gxf6 {[%clk 01:09:35]} {[%emt
00:00:06]} 21. Na5 {[%clk 00:27:43]} {[%emt 00:02:45]} Rd8 {[%clk 01:09:15]}
{[%emt 00:00:49]} 22. g3 {[%clk 00:19:10]} {[%emt 00:09:03]} Ng6 {[%clk
01:08:29]} {[%emt 00:01:17]} 23. Bg2 {[%clk 00:18:33]} {[%emt 00:01:06]} Kg7
{[%clk 01:06:11]} {[%emt 00:02:48]} 24. c4 {[%clk 00:09:37]} {[%emt 00:09:27]}
Ne7 {[%clk 01:06:03]} {[%emt 00:00:37]} 25. cxd5 {[%clk 00:06:35]} {[%emt
00:03:32]} Nxd5 {[%clk 01:06:16]} {[%emt 00:00:18]} 26. Nxc6 {[%clk 00:05:22]}
{[%emt 00:01:43]} bxc6 {[%clk 01:06:34]} {[%emt 00:00:11]} 27. Bxd5 {[%clk
00:05:34]} {[%emt 00:00:18]} Rxd5 {[%clk 01:06:39]} {[%emt 00:00:24]} 28. Rxd5
{[%clk 00:05:52]} {[%emt 00:00:14]} cxd5 {[%clk 01:07:04]} {[%emt 00:00:05]}
29. Kd2 {[%clk 00:06:08]} {[%emt 00:00:13]} f5 {[%clk 01:07:32]} {[%emt
00:00:03]} 30. f4 {[%clk 00:05:10]} {[%emt 00:01:28]} Kf6 {[%clk 01:07:28]}
{[%emt 00:00:34]} 31. Kd3 {[%clk 00:05:12]} {[%emt 00:00:27]} Ke6 {[%clk
01:07:51]} {[%emt 00:00:07]} 32. Kd4 {[%clk 00:05:09]} {[%emt 00:00:34]} Kd6
{[%clk 01:08:14]} {[%emt 00:00:06]} 33. b4 {[%clk 00:03:30]} {[%emt 00:02:09]}
f6 {[%clk 01:08:30]} {[%emt 00:00:14]} 34. a3 {[%clk 00:03:25]} {[%emt
00:00:35]} h6 {[%clk 01:08:21]} {[%emt 00:00:39]} 35. a4 {[%clk 00:03:07]}
{[%emt 00:00:49]} Kc6 {[%clk 01:08:31]} {[%emt 00:00:19]} 36. b5+ {[%clk
00:02:14]} {[%emt 00:01:23]} axb5 {[%clk 01:08:28]} {[%emt 00:00:34]} 37. axb5+
{[%clk 00:02:40]} {[%emt 00:00:05]} Kxb5 {[%clk 01:08:37]} {[%emt 00:00:20]}
38. Kxd5 {[%clk 00:03:03]} {[%emt 00:00:06]} Kb6 {[%clk 01:08:59]} {[%emt
00:00:09]} 39. Ke6 {[%clk 00:03:22]} {[%emt 00:00:10]} Kc6 {[%clk 01:09:25]}
{[%emt 00:00:04]} 40. Kxf6 {[%clk 00:03:47]} {[%emt 00:00:06]} Kd6 {[%clk
01:09:43]} {[%emt 00:00:12]} 41. Kxf5 {[%clk 00:03:52]} {[%emt 00:00:23]} Ke7
{[%clk 01:10:05]} {[%emt 00:00:09]} 42. Kg6 {[%clk 00:03:47]} {[%emt 00:00:35]}
Kf8 {[%clk 01:09:51]} {[%emt 00:00:45]} 43. Kxh6 {[%clk 00:04:11]} {[%emt
00:00:06]} Kg8 {[%clk 01:09:23]} {[%emt 00:00:57]} 1-0